Jane Eyre
Gespeichert in:
| 1. Verfasser: | |
|---|---|
| Format: | Buch |
| Sprache: | Englisch |
| Veröffentlicht: |
Oxford
Oxford University
1990
|
| Schriftenreihe: | Oxford Bookworms, 6
|
| Schlagworte: | |
| Tags: |
Tag hinzufügen
Keine Tags, Fügen Sie den ersten Tag hinzu!
|
MARC
| LEADER | 00000nam a2200000 a 4500 | ||
|---|---|---|---|
| 001 | UCO6099 | ||
| 003 | CL-VaPUC | ||
| 008 | 001006e19900000UK |||||||||||||||||eng|d | ||
| 082 | 0 | 4 | |a 823 |b BRO |2 21 |
| 100 | |a Brontë, Charlotte |d 1816-1855 |e author |9 418106 | ||
| 245 | 1 | 0 | |a Jane Eyre |
| 300 | |a 105 p | ||
| 942 | |c BK | ||
| 945 | |d 20001006 00:00:00 |a vberengu | ||
| 260 | |a Oxford |b Oxford University |c 1990 | ||
| 650 | 0 | |a Novelas inglesas |9 265220 | |
| 650 | 0 | |a Literatura inglesa |9 312907 | |
| 583 | |a last modification |c 20001006 00:00:00 |k Rodrigo Vera | ||
| 490 | 0 | |a Oxford Bookworms, 6 | |
| 999 | |c 291886 |d 291884 | ||
| 952 | |0 0 |1 0 |4 0 |6 823_000000000000000_BRO_1990 |7 0 |8 A |9 342174 |a BIBEDU |b BIBEDU |d 2019-11-20 |i 3649237 |l 1 |o 823 BRO 1990 |p 3649237 |r 2024-04-17 |s 2024-04-17 |w 2019-11-20 |y BK |k LIT | ||